A digest of Moohummdan [sic] law; (Record no. 73602)

MARC details
000 -LEADER
fixed length control field 01039cam a22002411 4500
001 - CONTROL NUMBER
control field sa 67003053
003 - CONTROL NUMBER IDENTIFIER
control field DLC
005 - DATE AND TIME OF LATEST TRANSACTION
control field 20260227112335.0
008 - FIXED-LENGTH DATA ELEMENTS--GENERAL INFORMATION
fixed length control field 880401s1965 ii b 000 0 eng
010 ## - LIBRARY OF CONGRESS CONTROL NUMBER
LC control number sa 67003053
035 ## - SYSTEM CONTROL NUMBER
System control number (OCoLC)17723536
040 ## - CATALOGING SOURCE
Original cataloging agency DLC
Transcribing agency IUB
Modifying agency IUB
-- OCoLC
-- DLC
041 1# - LANGUAGE CODE
Language code of text/sound track or separate title eng
Language code of original ara
042 ## - AUTHENTICATION CODE
Authentication code premarc
050 00 - LIBRARY OF CONGRESS CALL NUMBER
Classification number KNS479
Item number .B35 1965
100 1# - MAIN ENTRY--PERSONAL NAME
Personal name Baillie, Neil B. E.
Fuller form of name (Neil Benjamin Edmonstone),
Dates associated with a name 1799-1883.
245 12 - TITLE STATEMENT
Title A digest of Moohummdan [sic] law;
Remainder of title compiled and translated from authorities in the original Arabic,
Statement of responsibility, etc. with an introduction and explanatory notes, by Neil B. E. Baillie.
260 ## - PUBLICATION, DISTRIBUTION, ETC.
Place of publication, distribution, etc. Lahore,
Name of publisher, distributor, etc. Premier Book House
Date of publication, distribution, etc. [1965]
300 ## - PHYSICAL DESCRIPTION
Extent 2 v.
Dimensions 20 cm.
504 ## - BIBLIOGRAPHY, ETC. NOTE
Bibliography, etc. note Bibliographical footnotes.
505 0# - FORMATTED CONTENTS NOTE
Formatted contents note [1] The doctrines of the Hanifeea code of jurisprudence, rev. with some additions to the text, and a supplement on sale, loan, and mortgage, etc.--2. The doctrines of the Imameea code of jurisprudence on the most important of the same subjects.
650 #0 - SUBJECT ADDED ENTRY--TOPICAL TERM
Topical term or geographic name entry element Islamic law.

No items available.

Powered by Koha